Statistics for Organic Nomenclature

Click here to take the quiz!

General Stats

  • This quiz has been taken 201 times
  • The average score is 5 of 15

Answer Stats

HintAnswer% Correct
CH3CH2CH2CH3Butane
98%
CH3CH2CH2OHPropan-1-ol
53%
CH2CH2Ethene
51%
CH3CHOHCH3Propan-2-ol
48%
CH3CHOEthanal
42%
CHCHEthyne
35%
CH3CH2CH2CH2COOHPentanoic Acid
35%
CH3COCH3Propanone
33%
CH3CH(CH3)CH32-Methyl Propane
31%
CH3COOCH3Methyl Ethanoate
23%
CH3CNEthanenitrile
13%
CH3COClEthanoyl Chloride
13%
CH3CONH2Ethanamide
11%
CH3CH2CH2NH2Propylamine
6%
CH3COOCOCH3Ethanoic Anhydride
4%

Score Distribution

Percentile by Number Answered

Percent of People with Each Score

Your Score History

You have not taken this quiz